Southern Hemisphere Countries Quiz Stats

 Plays Quiz Updated Jul 2, 2018

Score 0/34 Timer 04:00
19 Plays Today
Country % Correct
Australia
97.8%
South Africa
96.3%
New Zealand
95.5%
Argentina
93.8%
Chile
92.2%
Uruguay
86%
Paraguay
84.3%
Zimbabwe
81.9%
Madagascar
80.5%
Lesotho
78.6%
Zambia
75.4%
Fiji
75%
Peru
74.8%
Bolivia
74.5%
Angola
74%
Namibia
73.5%
eSwatini
72.6%
Country % Correct
Botswana
71%
Mozambique
70.8%
Tanzania
66.5%
Vanuatu
62.8%
Samoa
62.6%
Rwanda
62.3%
Tonga
61.7%
Papua New Guinea
61.3%
Tuvalu
60.1%
Seychelles
59.5%
Nauru
58.8%
Malawi
58.4%
Solomon Islands
55.4%
Mauritius
55.3%
Burundi
54.4%
Comoros
54%
Timor-Leste
47.3%

You're not logged in!

Compare scores with friends on all Sporcle quizzes.
OR
Log In

Sporcle TV

Today on Sporcle TV


Watch our educational content, quiz creation guides, and fun videos on Sporcle TV.

Show Comments

Extras

Top Quizzes Today


Score Distribution

Your Account Isn't Verified!

In order to create a playlist on Sporcle, you need to verify the email address you used during registration. Go to your Sporcle Settings to finish the process.

Report this User

Report this user for behavior that violates our Community Guidelines.

Details: